Movies Quiz

Random Movies or Quote Quiz

The Princess Bride Quotes Quiz Stats

 Plays Quiz Updated Jan 31, 2019

Support Sporcle.
Go Orange.
Score 0/20 Timer 08:00
0 Plays Today
Beginning of quote Complete the quote % Correct
Hello, my name is Inigo Montoya.You killed my father. Prepare to die.
93.2%
Grandpa, maybe you could come over and read it again to me tomorrow?As you wish.
66.2%
No more rhymes now, I mean it!Anybody want a peanut?
65.4%
I'm on the brute squad.You are the brute squad!
58.8%
You seem a decent fellow. I hate to kill you.You seem a decent fellow. I hate to die.
57%
You keep using that word.I do not think it means what you think it means.
54.4%
Get back, Witch!I'm not a witch, I'm your wife!
50.1%
Rodents Of Unusual Size?I don't think they exist.
44.7%
Good night, Westley. Good work. Sleep well.I'll most likely kill you in the morning.
40.8%
Yes, you're very smart.Shut up.
29.1%
Beginning of quote Complete the quote % Correct
And remember this, never forget this: when I found you, you were so slobbering drunk,you couldn't buy Brandy!
27.2%
You fell victim to one of the classic blunders! The most famous is 'never get involved in a land war in Asia' - but only slightly less well known is this:'Never go in against a Sicilian when death is on the line'!
25.9%
Fezzik, tear his arms off.Oh, you mean this gate key.
25.6%
Won't that be nice.She kissed me!
24.6%
She is alive, or was an hour ago. If she is otherwise when I find her... I shall be very put out.
21.8%
The King's stinking son fired me, and thank you so much for bringing up such a painful subject. While you're at it, why don't you give me a nice...paper cut and pour lemon juice on it?
21.3%
Life is pain, Highness.Anyone who says differently is selling something.
20.9%
That was a warning, Highness. Next time my hand flies on its own. Where I come from,there are penalties when a woman lies.
20.8%
I'll explain and I'll use small words so that you'll be sure to understand,you warthog faced buffoon.
16.6%
Death cannot stop true love.All it can do is delay it for a while.
14.8%

From the Vault

5-Star Oscar Nominated Actors

by manonthemoon

Movies 7m
You could say these actors have their act together.
Remove Ads.
Support Sporcle.
Get the best of Sporcle when you Go Orange. This ad-free experience offers more features, more stats, and more fun while also helping to support Sporcle. Thank you for becoming a member.

Show Comments

Extras

Top Quizzes Today


Score Distribution

Your Account Isn't Verified!

In order to create a playlist on Sporcle, you need to verify the email address you used during registration. Go to your Sporcle Settings to finish the process.

Report this User

Report this user for behavior that violates our Community Guidelines.

Details: